| 000 | 00348nam a2200109Ia 4500 | ||
|---|---|---|---|
| 008 | 180205s9999 xx 000 0 und d | ||
| 020 | _a9789712724923 | ||
| 100 | _aDiaz, Christine L. | ||
| 245 |
_aWorld history: New prespective : _bThe renaissance to the global wars |
||
| 260 |
_aMandaluyong City _bAnvil publishing _c2011 |
||
| 300 | _avii, 184 pages | ||
| 999 |
_c354773 _d354773 |
||